000 00918cam a22003017a 4500
003 CHAP
005 20220329133153.0
008 971013s1993 r 00010 d
010 _a2942
011 _a3914
035 _a3115
040 _cCHAP
082 _a625.93415
_bS8
100 0 0 _aStewart, Joyce.
_9109772
245 1 4 _aThe orchid paintings of Franz Bauer
260 _aPortland, Oregon :
_bTimber Press,
_c1993
300 _a160 p.
_b: ilus.
590 _aBATCH-UPD
_b10
_c20130110
_lUCH01
_h1218
590 _aBATCH-UPD
_b10
_c20130410
_lUCH01
_h0754
590 _aBATCH-UPD
_b10
_c20130914
_lUCH01
_h0727
590 _aCONVERSION
_b10
_c20130109
_lUCH01
_h1303
650 1 4 _aBotánica
_xIlustraciones.
_914558
650 1 4 _aOrquidáceas.
_983723
700 0 _aStearn, William T.
_9109554
901 _aBK
942 _cLIBRO
949 _a635.93415 S8
_bBC
_cC
_d33724000616199
_eC
_gI.174511
_h87945
_i3115
_si
_t149.88
999 _c2942
_d2942